| 000 | 00551cam a22001577a 4500 | ||
|---|---|---|---|
| 008 | 180718b2002 xxu||||| |||| 00| 0 eng d | ||
| 082 | _aA81x54 01/26/PAP3/01 | ||
| 100 | _aCensus of India 2001 | ||
| 245 | _aDaman and Diu: provisional population totals | ||
| 260 |
_aDelhi _bController of Publications _c2002 |
||
| 300 | _a163p. | ||
| 440 | _aCensus of India 2001. Series-26, Daman and Diu. Paper 3 of 2001 | ||
| 500 | _aContents: Workers and their characteristics | ||
| 650 | _aEmployees - India - Daman and Diu | ||
| 650 | _aDaman and Diu - Census | ||
| 999 |
_c491036 _d491036 |
||